| 000 | 00611nam a2200205Ia 4500 | ||
|---|---|---|---|
| 005 | 20230621102155.0 | ||
| 008 | 131103s9999 xx 000 0 und d | ||
| 040 | _aLoreto College | ||
| 041 | _aEnglish | ||
| 082 |
_a940.5 _bBAR |
||
| 100 | _aBarraclaugh,Geoffrey | ||
| 245 | 3 |
_aAn introduction to contemporary history _cGeoffrey Barraclough |
|
| 260 |
_aHarmondsworth _bPenguin Books _c1967 |
||
| 300 | _a285 p. | ||
| 504 | _aIncludes bibliographical references and index | ||
| 650 | _aModern History - 20th Century | ||
| 651 | _aEurope - Modern History, 20th Century | ||
| 850 | _aLCLIB | ||
| 942 | _cBK | ||
| 999 |
_c4071 _d54550 |
||